000
00338nam a2200145Ia 4500
100
_a
Ganapathy/K/ Subramaniam/B
942
_c
BK
654
_a
kaizen
245
_a
Kaizen continuous improvement
260
_b
Quality Circle forum
_a
Secunderabad
_c
1997
082
_a
658.562/GAN
_b
GAN
300
_a
65
546
_a
ENGLISH
999
_c
33976
_d
33976